Introduction to material science (Record no. 139768)

000 -LEADER
fixed length control field 00285nmm a2200097Ia 4500
008 - FIXED-LENGTH DATA ELEMENTS--GENERAL INFORMATION
fixed length control field 220120s9999||||xx |||||||||||||||||und||
020 ## - INTERNATIONAL STANDARD BOOK NUMBER
International Standard Book Number 0-07-044580-X
100 ## - MAIN ENTRY--PERSONAL NAME
Personal name Meier, Michael, L
245 #0 - TITLE STATEMENT
Title Introduction to material science
260 ## - PUBLICATION, DISTRIBUTION, ETC.
Place of publication, distribution, etc. Tata mcgraw hill company Ltd
Name of publisher, distributor, etc. New Delhi
Date of publication, distribution, etc. 2012
Holdings
Withdrawn status Lost status Damaged status Not for loan Home library Current library Date acquired Barcode Date last seen Price effective from Koha item type
        Central Library Central Library 01/20/2022 CD1319 01/20/2022 01/20/2022 Compact Disc

Powered by Koha